00820nam a2200253 a 4500001001300000003000900013005001700022008004100039020002600080082001600106100002400122245006900146260004100215300000900256500003500265505003800300650002000338650003500358700002400393902000800417942000700425952011700432999001700549nice12345678IN_TiNIC20260116013749.0050524s1996 newa grp 000 0 eng  a0875524 c739.2600a220.91bROB aRobertson, O Palmer aUnderstanding the Land of the Bibleb Biblical-Theological Guide aNew JerseybP and R Publishingc1996 a158p aincludes index and biblioraphy2 aBibliography, Reference and Index aBible-Geography aPalestine-Historical Geography1 aRobertson, O Palmer bSRS cBK 001040708StackRoom-aHMIbHMId2007-06-18g739.26l0o220.91 ROBp019269r2007-06-18v739.26w2005-05-24yBK c12374d12374